Obchodná spolupráca EÚ a Turecka diplomová práca

Saved in:
Bibliographic Details
Main Author: Hariš, Viktor
Corporate Author: Obchodná fakulta EU. Katedra medzinárodného obchodu
Other Authors: Vargová, Andrea
Format: Book
Language:Slovak
Published: Bratislava 2013
Tags: Add Tag
No Tags, Be the first to tag this record!

MARC

LEADER 00000nbm a2200000 4500
001 0169646
005 20161109102317.4
041 0 |a slo 
044 |a SK 
245 1 0 |a Obchodná spolupráca EÚ a Turecka  |b diplomová práca  |c Viktor Hariš ; školiteľ: Andrea Vargová 
264 1 |a Bratislava  |c 2013 
300 |a 67 s. 
100 1 |a Hariš, Viktor 
700 1 |a Vargová, Andrea 
710 2 |a Obchodná fakulta EU. Katedra medzinárodného obchodu